[Event "European Chess Club Cup 2023"]
[Site "Durres, Albania"]
[Date "2023.10.05"]
[Round "5.54"]
[White "Petersson, Kjell"]
[Black "Huzman, Alexander"]
[Result "0-1"]
[TimeControl "90' + 30' & 30\""]
[WhiteElo "2040"]
[BlackElo "2526"]

1. d4 {[%clk 01:30:58]} {[%emt 00:00:01]} Nf6 {[%clk 01:30:43]} {[%emt
00:00:17]} 2. Bf4 {[%clk 01:31:26]} {[%emt 00:00:02]} d5 {[%clk 01:31:05]}
{[%emt 00:00:08]} 3. e3 {[%clk 01:31:51]} {[%emt 00:00:05]} c5 {[%clk
01:31:29]} {[%emt 00:00:05]} 4. c3 {[%clk 01:32:11]} {[%emt 00:00:11]} Qb6
{[%clk 01:31:53]} {[%emt 00:00:06]} 5. Qb3 {[%clk 01:30:28]} {[%emt 00:02:13]}
c4 {[%clk 01:31:46]} {[%emt 00:00:37]} 6. Qc2 {[%clk 01:30:56]} {[%emt
00:00:03]} g6 {[%clk 01:32:12]} {[%emt 00:00:03]} 7. h3 {[%clk 01:19:41]}
{[%emt 00:11:45]} Bf5 {[%clk 01:29:48]} {[%emt 00:02:54]} 8. Qc1 {[%clk
01:20:10]} {[%emt 00:00:01]} Nc6 {[%clk 01:29:18]} {[%emt 00:01:00]} 9. Nf3
{[%clk 01:19:39]} {[%emt 00:01:01]} Bg7 {[%clk 01:28:29]} {[%emt 00:01:19]} 10.
Nbd2 {[%clk 01:18:30]} {[%emt 00:01:40]} O-O {[%clk 01:27:57]} {[%emt
00:01:02]} 11. Be2 {[%clk 01:16:24]} {[%emt 00:02:36]} Nd7 {[%clk 01:24:45]}
{[%emt 00:03:42]} 12. e4 {[%clk 01:00:52]} {[%emt 00:16:02]} dxe4 {[%clk
01:14:27]} {[%emt 00:10:47]} 13. Nxc4 {[%clk 01:00:16]} {[%emt 00:01:07]} Qd8
{[%clk 01:14:52]} {[%emt 00:00:05]} 14. Nfe5 {[%clk 00:50:38]} {[%emt
00:10:08]} Ncxe5 {[%clk 00:51:23]} {[%emt 00:23:59]} 15. Nxe5 {[%clk 00:50:05]}
{[%emt 00:01:02]} Nxe5 {[%clk 00:51:45]} {[%emt 00:00:09]} 16. Bxe5 {[%clk
00:46:57]} {[%emt 00:03:38]} Bxe5 {[%clk 00:49:29]} {[%emt 00:02:45]} 17. dxe5
{[%clk 00:47:26]} {[%emt 00:00:02]} Qd5 {[%clk 00:49:44]} {[%emt 00:00:14]} 18.
Qf4 {[%clk 00:36:18]} {[%emt 00:11:38]} Rac8 {[%clk 00:49:54]} {[%emt
00:00:21]} 19. g4 {[%clk 00:33:28]} {[%emt 00:03:20]} Be6 {[%clk 00:47:01]}
{[%emt 00:03:23]} 20. f3 {[%clk 00:25:47]} {[%emt 00:08:11]} exf3 {[%clk
00:41:40]} {[%emt 00:05:51]} 21. Bxf3 {[%clk 00:25:31]} {[%emt 00:00:46]} Qb5
{[%clk 00:42:04]} {[%emt 00:00:07]} 22. Rh2 {[%clk 00:21:49]} {[%emt 00:04:12]}
Rfd8 {[%clk 00:40:52]} {[%emt 00:01:40]} 23. h4 {[%clk 00:20:00]} {[%emt
00:02:20]} Rc4 {[%clk 00:33:57]} {[%emt 00:07:24]} 24. Qg3 {[%clk 00:15:36]}
{[%emt 00:04:55]} Rd3 {[%clk 00:31:47]} {[%emt 00:02:40]} 25. h5 {[%clk
00:07:47]} {[%emt 00:08:20]} Rxg4 {[%clk 00:31:11]} {[%emt 00:01:05]} 26. Qf2
{[%clk 00:05:45]} {[%emt 00:02:32]} Rxf3 {[%clk 00:29:51]} {[%emt 00:01:50]} 27.
Qxf3 {[%clk 00:05:57]} {[%emt 00:00:19]} Rg1+ {[%clk 00:30:03]} {[%emt
00:00:17]} 28. Kf2 {[%clk 00:05:35]} {[%emt 00:00:53]} Rxa1 {[%clk 00:30:05]}
{[%emt 00:00:27]} 29. c4 {[%clk 00:03:55]} {[%emt 00:02:11]} Qxb2+ {[%clk
00:29:51]} {[%emt 00:00:43]} 0-1

[Event "European Chess Club Cup 2023"]
[Site "Durres, Albania"]
[Date "2023.10.05"]
[Round "5.55"]
[White "Alonso Rosell, Alvar"]
[Black "Sanal, Vahap"]
[Result "1-0"]
[TimeControl "90' + 30' & 30\""]
[WhiteElo "2574"]
[BlackElo "2603"]

1. d4 {[%clk 01:30:57]} {[%emt 00:00:02]} d5 {[%clk 01:30:54]} {[%emt
00:00:07]} 2. c4 {[%clk 01:31:22]} {[%emt 00:00:05]} e6 {[%clk 01:31:19]}
{[%emt 00:00:05]} 3. Nf3 {[%clk 01:30:25]} {[%emt 00:01:26]} Nf6 {[%clk
01:30:42]} {[%emt 00:01:07]} 4. e3 {[%clk 01:30:38]} {[%emt 00:00:18]} Be7
{[%clk 01:27:46]} {[%emt 00:03:26]} 5. b3 {[%clk 01:26:45]} {[%emt 00:04:23]}
O-O {[%clk 01:28:02]} {[%emt 00:00:13]} 6. Bb2 {[%clk 01:27:11]} {[%emt
00:00:05]} b6 {[%clk 01:27:30]} {[%emt 00:01:02]} 7. cxd5 {[%clk 01:27:04]}
{[%emt 00:00:37]} exd5 {[%clk 01:27:38]} {[%emt 00:00:21]} 8. Nc3 {[%clk
01:27:25]} {[%emt 00:00:10]} Re8 {[%clk 01:24:11]} {[%emt 00:03:57]} 9. Be2
{[%clk 01:26:11]} {[%emt 00:01:44]} Bb7 {[%clk 01:19:47]} {[%emt 00:04:53]} 10.
O-O {[%clk 01:26:35]} {[%emt 00:00:06]} Nbd7 {[%clk 01:19:50]} {[%emt
00:00:27]} 11. Re1 {[%clk 01:27:02]} {[%emt 00:00:04]} a6 {[%clk 01:19:20]}
{[%emt 00:01:00]} 12. Bf1 {[%clk 01:27:28]} {[%emt 00:00:04]} Bd6 {[%clk
01:19:29]} {[%emt 00:00:22]} 13. g3 {[%clk 01:27:52]} {[%emt 00:00:05]} Ne4
{[%clk 01:13:49]} {[%emt 00:06:09]} 14. Rc1 {[%clk 01:26:50]} {[%emt 00:01:34]}
Ndf6 {[%clk 01:11:11]} {[%emt 00:03:06]} 15. Re2 {[%clk 01:24:17]} {[%emt
00:03:04]} c5 {[%clk 01:05:01]} {[%emt 00:06:39]} 16. dxc5 {[%clk 01:13:56]}
{[%emt 00:10:52]} bxc5 {[%clk 01:04:21]} {[%emt 00:01:10]} 17. Nxe4 {[%clk
01:11:53]} {[%emt 00:02:33]} Nxe4 {[%clk 01:04:39]} {[%emt 00:00:12]} 18. Nd2
{[%clk 01:11:05]} {[%emt 00:01:18]} Ng5 {[%clk 00:52:36]} {[%emt 00:12:32]} 19.
Bg2 {[%clk 00:56:22]} {[%emt 00:15:14]} Qd7 {[%clk 00:45:19]} {[%emt 00:07:47]}
20. f4 {[%clk 00:30:33]} {[%emt 00:26:19]} Nh3+ {[%clk 00:36:12]} {[%emt
00:09:36]} 21. Kh1 {[%clk 00:29:15]} {[%emt 00:01:49]} d4 {[%clk 00:21:08]}
{[%emt 00:15:33]} 22. Nc4 {[%clk 00:28:16]} {[%emt 00:01:29]} Bxg2+ {[%clk
00:20:50]} {[%emt 00:00:49]} 23. Kxg2 {[%clk 00:28:19]} {[%emt 00:00:26]} Bc7
{[%clk 00:21:04]} {[%emt 00:00:16]} 24. Rd2 {[%clk 00:25:30]} {[%emt 00:03:20]}
g5 {[%clk 00:10:48]} {[%emt 00:10:45]} 25. Qh5 {[%clk 00:13:03]} {[%emt
00:12:56]} gxf4 {[%clk 00:11:15]} {[%emt 00:00:05]} 26. Qxc5 {[%clk 00:13:16]}
{[%emt 00:00:16]} f3+ {[%clk 00:08:45]} {[%emt 00:03:01]} 27. Kxf3 {[%clk
00:13:29]} {[%emt 00:00:17]} Be5 {[%clk 00:06:38]} {[%emt 00:02:37]} 28. Kg2
{[%clk 00:07:53]} {[%emt 00:06:06]} Bg7 {[%clk 00:01:10]} {[%emt 00:05:57]} 29.
Bxd4 {[%clk 00:07:23]} {[%emt 00:01:00]} Qg4 {[%clk 00:01:04]} {[%emt
00:00:36]} 30. Nd6 {[%clk 00:03:17]} {[%emt 00:04:37]} Rac8 {[%clk 00:00:34]}
{[%emt 00:01:00]} 31. Qd5 {[%clk 00:01:54]} {[%emt 00:01:53]} Bxd4 {[%clk
00:00:33]} {[%emt 00:00:30]} 32. Qxf7+ {[%clk 00:01:42]} {[%emt 00:00:43]} Kh8
{[%clk 00:01:02]} {[%emt 00:00:01]} 33. Rxc8 {[%clk 00:01:29]} {[%emt
00:00:43]} Rxc8 {[%clk 00:01:23]} {[%emt 00:00:09]} 34. Nxc8 {[%clk 00:01:48]}
{[%emt 00:00:11]} 1-0

[Event "European Chess Club Cup 2023"]
[Site "Durres, Albania"]
[Date "2023.10.05"]
[Round "5.56"]
[White "Yilmaz, Mustafa"]
[Black "Gines Esteo, Pedro Antonio"]
[Result "1-0"]
[TimeControl "90' + 30' & 30\""]
[WhiteElo "2640"]
[BlackElo "2490"]

1. d4 {[%clk 01:30:58]} {[%emt 00:00:02]} Nf6 {[%clk 01:27:08]} {[%emt
00:03:52]} 2. c4 {[%clk 01:31:22]} {[%emt 00:00:07]} e6 {[%clk 01:27:29]}
{[%emt 00:00:08]} 3. Nc3 {[%clk 01:31:46]} {[%emt 00:00:06]} Bb4 {[%clk
01:25:26]} {[%emt 00:02:33]} 4. e3 {[%clk 01:31:34]} {[%emt 00:00:42]} O-O
{[%clk 01:25:47]} {[%emt 00:00:10]} 5. Bd3 {[%clk 01:32:01]} {[%emt 00:00:03]}
c5 {[%clk 01:21:08]} {[%emt 00:05:08]} 6. Nf3 {[%clk 01:31:53]} {[%emt
00:00:38]} d5 {[%clk 01:10:32]} {[%emt 00:11:06]} 7. cxd5 {[%clk 01:31:50]}
{[%emt 00:00:33]} cxd4 {[%clk 01:06:59]} {[%emt 00:04:03]} 8. exd4 {[%clk
01:32:10]} {[%emt 00:00:10]} Nxd5 {[%clk 01:07:22]} {[%emt 00:00:07]} 9. O-O
{[%clk 01:30:36]} {[%emt 00:02:04]} Nc6 {[%clk 01:06:54]} {[%emt 00:00:58]} 10.
Bc2 {[%clk 01:30:28]} {[%emt 00:00:39]} Be7 {[%clk 00:44:32]} {[%emt 00:22:51]}
11. Qd3 {[%clk 01:27:15]} {[%emt 00:03:43]} Nf6 {[%clk 00:41:05]} {[%emt
00:03:57]} 12. a3 {[%clk 01:26:53]} {[%emt 00:00:52]} b6 {[%clk 00:39:03]}
{[%emt 00:02:32]} 13. Rd1 {[%clk 01:13:53]} {[%emt 00:13:30]} Bb7 {[%clk
00:26:26]} {[%emt 00:13:08]} 14. Bg5 {[%clk 00:59:37]} {[%emt 00:14:45]} g6
{[%clk 00:26:30]} {[%emt 00:00:26]} 15. Ne5 {[%clk 00:59:21]} {[%emt 00:00:47]}
Nd5 {[%clk 00:15:01]} {[%emt 00:11:59]} 16. Bh6 {[%clk 00:55:00]} {[%emt
00:04:51]} Nxc3 {[%clk 00:07:47]} {[%emt 00:07:44]} 17. Qxc3 {[%clk 00:47:17]}
{[%emt 00:08:12]} Nxe5 {[%clk 00:05:53]} {[%emt 00:02:25]} 18. dxe5 {[%clk
00:43:53]} {[%emt 00:03:54]} Qc8 {[%clk 00:06:06]} {[%emt 00:00:16]} 19. Bxf8
{[%clk 00:43:39]} {[%emt 00:00:44]} Qxc3 {[%clk 00:06:28]} {[%emt 00:00:09]} 20.
bxc3 {[%clk 00:44:05]} {[%emt 00:00:04]} Kxf8 {[%clk 00:05:12]} {[%emt
00:01:46]} 21. c4 {[%clk 00:29:33]} {[%emt 00:15:01]} Rc8 {[%clk 00:04:09]}
{[%emt 00:01:33]} 22. Bb3 {[%clk 00:20:37]} {[%emt 00:09:27]} Rc7 {[%clk
00:03:08]} {[%emt 00:01:31]} 23. Kf1 {[%clk 00:17:39]} {[%emt 00:03:27]} g5
{[%clk 00:01:25]} {[%emt 00:02:14]} 24. Rd4 {[%clk 00:17:31]} {[%emt 00:00:36]}
Bc6 {[%clk 00:00:50]} {[%emt 00:01:06]} 25. Bc2 {[%clk 00:15:13]} {[%emt
00:02:48]} h6 {[%clk 00:00:37]} {[%emt 00:00:44]} 26. h3 {[%clk 00:13:24]}
{[%emt 00:02:19]} Be8 {[%clk 00:00:34]} {[%emt 00:00:33]} 27. g3 {[%clk
00:11:56]} {[%emt 00:01:58]} Rc5 {[%clk 00:00:34]} {[%emt 00:00:30]} 28. f4
{[%clk 00:12:16]} {[%emt 00:00:09]} Bc6 {[%clk 00:00:33]} {[%emt 00:00:31]} 29.
Ra2 {[%clk 00:10:35]} {[%emt 00:02:11]} Ra5 {[%clk 00:00:33]} {[%emt 00:00:31]}
30. a4 {[%clk 00:09:40]} {[%emt 00:01:25]} h5 {[%clk 00:00:45]} {[%emt
00:00:18]} 31. Be4 {[%clk 00:05:24]} {[%emt 00:04:45]} Be8 {[%clk 00:00:32]}
{[%emt 00:00:43]} 32. Bf3 {[%clk 00:03:52]} {[%emt 00:02:03]} h4 {[%clk
00:00:43]} {[%emt 00:00:20]} 33. fxg5 {[%clk 00:03:53]} {[%emt 00:00:28]} Bxg5
{[%clk 00:01:05]} {[%emt 00:00:07]} 34. gxh4 {[%clk 00:03:41]} {[%emt
00:00:42]} Be7 {[%clk 00:00:32]} {[%emt 00:01:03]} 35. Rg4 {[%clk 00:03:29]}
{[%emt 00:00:43]} Rxe5 {[%clk 00:00:38]} {[%emt 00:00:24]} 36. Rag2 {[%clk
00:03:23]} {[%emt 00:00:34]} Bf6 {[%clk 00:00:32]} {[%emt 00:00:37]} 37. h5
{[%clk 00:03:27]} {[%emt 00:00:27]} Rf5 {[%clk 00:00:32]} {[%emt 00:00:30]} 38.
Ke2 {[%clk 00:03:24]} {[%emt 00:00:33]} Ke7 {[%clk 00:00:43]} {[%emt 00:00:19]}
39. Rg8 {[%clk 00:03:52]} {[%emt 00:00:01]} Re5+ {[%clk 00:00:32]} {[%emt
00:00:42]} 40. Kd3 {[%clk 00:02:29]} {[%emt 00:01:52]} Bxa4 {[%clk 00:00:32]}
{[%emt 00:00:30]} 41. h6 {[%clk 00:21:35]} {[%emt 00:11:25]} b5 {[%clk
00:19:14]} {[%emt 00:11:48]} 42. c5 {[%clk 00:17:18]} {[%emt 00:04:46]} Rxc5
{[%clk 00:10:49]} {[%emt 00:08:55]} 43. h7 {[%clk 00:17:47]} {[%emt 00:00:01]}
Rc3+ {[%clk 00:10:45]} {[%emt 00:00:34]} 44. Ke2 {[%clk 00:18:16]} {[%emt
00:00:01]} Rc2+ {[%clk 00:10:54]} {[%emt 00:00:22]} 45. Kf1 {[%clk 00:18:23]}
{[%emt 00:00:20]} Rc1+ {[%clk 00:06:32]} {[%emt 00:04:55]} 46. Kf2 {[%clk
00:18:51]} {[%emt 00:00:01]} Rc2+ {[%clk 00:05:36]} {[%emt 00:01:27]} 47. Kg1
{[%clk 00:14:06]} {[%emt 00:05:15]} Rc1+ {[%clk 00:02:52]} {[%emt 00:03:14]} 48.
Kf2 {[%clk 00:09:04]} {[%emt 00:05:32]} Rc2+ {[%clk 00:03:16]} {[%emt
00:00:06]} 49. Kg3 {[%clk 00:07:45]} {[%emt 00:01:49]} Be5+ {[%clk 00:03:30]}
{[%emt 00:00:15]} 50. Kh4 {[%clk 00:08:14]} {[%emt 00:00:02]} Bf6+ {[%clk
00:00:32]} {[%emt 00:03:28]} 51. Kh5 {[%clk 00:08:34]} {[%emt 00:00:10]} Rc3
{[%clk 00:00:51]} {[%emt 00:00:11]} 52. Rf2 {[%clk 00:04:00]} {[%emt 00:05:04]}
Rc5+ {[%clk 00:00:32]} {[%emt 00:00:48]} 53. Kh6 {[%clk 00:03:26]} {[%emt
00:01:04]} Rf5 {[%clk 00:00:34]} {[%emt 00:00:28]} 54. Rg7 {[%clk 00:02:52]}
{[%emt 00:01:03]} Bd4 {[%clk 00:00:31]} {[%emt 00:00:34]} 55. h8=Q {[%clk
00:02:23]} {[%emt 00:00:59]} Bxf2 {[%clk 00:01:00]} {[%emt 00:00:01]} 56. Qb8
{[%clk 00:02:06]} {[%emt 00:00:47]} Rf6+ {[%clk 00:00:35]} {[%emt 00:00:56]} 57.
Kh7 {[%clk 00:02:21]} {[%emt 00:00:14]} Bb6 {[%clk 00:00:40]} {[%emt 00:00:26]}
58. Bh5 {[%clk 00:02:20]} {[%emt 00:00:30]} 1-0

[Event "European Chess Club Cup 2023"]
[Site "Durres, Albania"]
[Date "2023.10.05"]
[Round "5.57"]
[White "Lopez Mulet, Inigo"]
[Black "Can, Emre"]
[Result "1/2-1/2"]
[TimeControl "90' + 30' & 30\""]
[WhiteElo "2414"]
[BlackElo "2576"]

1. d4 {[%clk 01:28:02]} {[%emt 00:02:58]} Nf6 {[%clk 01:30:51]} {[%emt
00:00:08]} 2. c4 {[%clk 01:28:04]} {[%emt 00:00:28]} g6 {[%clk 01:30:39]}
{[%emt 00:00:42]} 3. g3 {[%clk 01:28:21]} {[%emt 00:00:13]} Bg7 {[%clk
01:30:44]} {[%emt 00:00:25]} 4. Bg2 {[%clk 01:28:42]} {[%emt 00:00:09]} O-O
{[%clk 01:30:55]} {[%emt 00:00:20]} 5. Nc3 {[%clk 01:28:36]} {[%emt 00:00:36]}
Nc6 {[%clk 01:30:27]} {[%emt 00:00:57]} 6. Nf3 {[%clk 01:27:19]} {[%emt
00:01:48]} d5 {[%clk 01:29:01]} {[%emt 00:01:56]} 7. O-O {[%clk 01:10:48]}
{[%emt 00:17:00]} dxc4 {[%clk 01:28:45]} {[%emt 00:00:48]} 8. e3 {[%clk
01:09:36]} {[%emt 00:01:41]} Bf5 {[%clk 01:15:35]} {[%emt 00:13:39]} 9. Qa4
{[%clk 01:00:52]} {[%emt 00:09:15]} Bd3 {[%clk 00:54:43]} {[%emt 00:21:22]} 10.
Rd1 {[%clk 00:59:15]} {[%emt 00:02:08]} a6 {[%clk 00:55:03]} {[%emt 00:00:10]}
11. Ne1 {[%clk 00:57:22]} {[%emt 00:02:23]} b5 {[%clk 00:54:39]} {[%emt
00:00:54]} 12. Qa3 {[%clk 00:57:46]} {[%emt 00:00:06]} b4 {[%clk 00:55:04]}
{[%emt 00:00:04]} 13. Qa4 {[%clk 00:58:13]} {[%emt 00:00:03]} bxc3 {[%clk
00:55:29]} {[%emt 00:00:05]} 14. Bxc6 {[%clk 00:34:18]} {[%emt 00:24:26]} Be2
{[%clk 00:54:29]} {[%emt 00:01:30]} 15. bxc3 {[%clk 00:28:23]} {[%emt
00:06:25]} Bxd1 {[%clk 00:52:19]} {[%emt 00:02:40]} 16. Qxd1 {[%clk 00:28:48]}
{[%emt 00:00:04]} Rb8 {[%clk 00:50:35]} {[%emt 00:02:14]} 17. Ba3 {[%clk
00:28:47]} {[%emt 00:00:32]} Ne8 {[%clk 00:41:07]} {[%emt 00:09:57]} 18. Nf3
{[%clk 00:18:00]} {[%emt 00:11:18]} Nd6 {[%clk 00:38:54]} {[%emt 00:02:42]} 19.
Qa4 {[%clk 00:16:38]} {[%emt 00:01:52]} Nb5 {[%clk 00:29:39]} {[%emt 00:09:44]}
20. Bc5 {[%clk 00:16:05]} {[%emt 00:01:04]} Nd6 {[%clk 00:26:26]} {[%emt
00:03:43]} 21. e4 {[%clk 00:15:20]} {[%emt 00:01:16]} f6 {[%clk 00:17:12]}
{[%emt 00:09:44]} 22. Qxa6 {[%clk 00:12:27]} {[%emt 00:03:24]} Rb2 {[%clk
00:15:56]} {[%emt 00:01:45]} 23. Qa3 {[%clk 00:08:29]} {[%emt 00:04:29]} Qb8
{[%clk 00:14:08]} {[%emt 00:02:17]} 24. Bb4 {[%clk 00:08:02]} {[%emt 00:00:57]}
Rc2 {[%clk 00:14:30]} {[%emt 00:00:07]} 25. Qa4 {[%clk 00:05:22]} {[%emt
00:03:11]} Rb2 {[%clk 00:14:39]} {[%emt 00:00:21]} 26. Qa3 {[%clk 00:05:47]}
{[%emt 00:00:06]} Rc2 {[%clk 00:15:04]} {[%emt 00:00:04]} 27. Re1 {[%clk
00:04:28]} {[%emt 00:01:48]} Kh8 {[%clk 00:15:15]} {[%emt 00:00:19]} 28. Qa4
{[%clk 00:04:24]} {[%emt 00:00:36]} Rb2 {[%clk 00:15:29]} {[%emt 00:00:15]} 29.
Qa3 {[%clk 00:04:50]} {[%emt 00:00:04]} Rc2 {[%clk 00:15:51]} {[%emt 00:00:07]}
30. e5 {[%clk 00:01:11]} {[%emt 00:04:10]} fxe5 {[%clk 00:15:02]} {[%emt
00:01:19]} 31. dxe5 {[%clk 00:00:42]} {[%emt 00:01:00]} Qb6 {[%clk 00:07:52]}
{[%emt 00:07:40]} 32. Nd4 {[%clk 00:01:05]} {[%emt 00:00:06]} Rcxf2 {[%clk
00:06:52]} {[%emt 00:01:29]} 33. Bc5 {[%clk 00:01:06]} {[%emt 00:00:29]} Qb8
{[%clk 00:06:43]} {[%emt 00:00:40]} 34. Ne6 {[%clk 00:00:44]} {[%emt 00:00:52]}
Rc2 {[%clk 00:05:30]} {[%emt 00:01:43]} 35. Nxf8 {[%clk 00:00:40]} {[%emt
00:00:35]} Qxf8 {[%clk 00:05:42]} {[%emt 00:00:18]} 36. exd6 {[%clk 00:00:39]}
{[%emt 00:00:31]} cxd6 {[%clk 00:05:55]} {[%emt 00:00:16]} 37. Rf1 {[%clk
00:00:33]} {[%emt 00:00:35]} Qc8 {[%clk 00:05:55]} {[%emt 00:00:30]} 38. Qa4
{[%clk 00:00:38]} {[%emt 00:00:25]} Rxc3 {[%clk 00:06:08]} {[%emt 00:00:17]} 39.
Bb6 {[%clk 00:00:44]} {[%emt 00:00:25]} h5 {[%clk 00:04:05]} {[%emt 00:02:32]}
40. Be4 {[%clk 00:00:34]} {[%emt 00:00:41]} Kh7 {[%clk 00:03:51]} {[%emt
00:00:44]} 41. Qd1 {[%clk 00:25:47]} {[%emt 00:05:17]} Qg4 {[%clk 00:23:06]}
{[%emt 00:11:15]} 42. Qxg4 {[%clk 00:17:14]} {[%emt 00:09:03]} hxg4 {[%clk
00:22:03]} {[%emt 00:01:33]} 43. Rf4 {[%clk 00:17:39]} {[%emt 00:00:05]} Rc1+
{[%clk 00:19:47]} {[%emt 00:02:45]} 44. Kg2 {[%clk 00:12:52]} {[%emt 00:05:18]}
Ra1 {[%clk 00:14:36]} {[%emt 00:05:40]} 45. Rxg4 {[%clk 00:13:08]} {[%emt
00:00:15]} Rxa2+ {[%clk 00:14:57]} {[%emt 00:00:09]} 46. Kh3 {[%clk 00:13:33]}
{[%emt 00:00:05]} Ra6 {[%clk 00:12:23]} {[%emt 00:03:04]} 47. Rh4+ {[%clk
00:04:48]} {[%emt 00:09:15]} Kg8 {[%clk 00:12:28]} {[%emt 00:00:24]} 48. Bd5+
{[%clk 00:05:12]} {[%emt 00:00:07]} Kf8 {[%clk 00:12:46]} {[%emt 00:00:12]} 49.
Rxc4 {[%clk 00:04:38]} {[%emt 00:01:04]} Bf6 {[%clk 00:12:20]} {[%emt
00:00:56]} 50. Bd4 {[%clk 00:03:20]} {[%emt 00:01:49]} Ra5 {[%clk 00:12:43]}
{[%emt 00:00:07]} 51. Bxf6 {[%clk 00:02:10]} {[%emt 00:01:39]} Rxd5 {[%clk
00:13:07]} {[%emt 00:00:06]} 52. Bc3 {[%clk 00:02:23]} {[%emt 00:00:17]} Kf7
{[%clk 00:12:47]} {[%emt 00:00:49]} 53. Kg4 {[%clk 00:02:43]} {[%emt 00:00:11]}
e5 {[%clk 00:11:51]} {[%emt 00:01:26]} 54. h4 {[%clk 00:00:40]} {[%emt
00:02:33]} Rd3 {[%clk 00:12:13]} {[%emt 00:00:08]} 55. Bb2 {[%clk 00:00:41]}
{[%emt 00:00:29]} Ke6 {[%clk 00:12:22]} {[%emt 00:00:20]} 56. Rc3 {[%clk
00:00:36]} {[%emt 00:00:36]} Rd2 {[%clk 00:12:28]} {[%emt 00:00:24]} 57. Bc1
{[%clk 00:00:54]} {[%emt 00:00:12]} Rd1 {[%clk 00:12:50]} {[%emt 00:00:07]} 58.
Kg5 {[%clk 00:01:04]} {[%emt 00:00:21]} d5 {[%clk 00:13:09]} {[%emt 00:00:11]}
59. Ba3 {[%clk 00:00:40]} {[%emt 00:00:54]} d4 {[%clk 00:12:32]} {[%emt
00:01:07]} 60. Rc6+ {[%clk 00:00:39]} {[%emt 00:00:32]} Kd5 {[%clk 00:12:55]}
{[%emt 00:00:06]} 61. Rc5+ {[%clk 00:00:44]} {[%emt 00:00:26]} Ke6 {[%clk
00:13:12]} {[%emt 00:00:12]} 62. Rc6+ {[%clk 00:00:35]} {[%emt 00:00:40]} Kd5
{[%clk 00:13:38]} {[%emt 00:00:04]} 63. Rd6+ {[%clk 00:00:39]} {[%emt
00:00:25]} Kc4 {[%clk 00:13:12]} {[%emt 00:00:56]} 64. g4 {[%clk 00:00:39]}
{[%emt 00:00:30]} e4 {[%clk 00:11:37]} {[%emt 00:02:05]} 65. Rc6+ {[%clk
00:00:35]} {[%emt 00:00:34]} Kb3 {[%clk 00:10:59]} {[%emt 00:01:07]} 66. Bc5
{[%clk 00:00:36]} {[%emt 00:00:30]} Rc1 {[%clk 00:10:55]} {[%emt 00:00:34]} 67.
Rb6+ {[%clk 00:01:04]} {[%emt 00:00:03]} Kc4 {[%clk 00:11:19]} {[%emt
00:00:06]} 68. Bxd4 {[%clk 00:00:45]} {[%emt 00:00:49]} Kxd4 {[%clk 00:11:46]}
{[%emt 00:00:02]} 69. Kxg6 {[%clk 00:01:09]} {[%emt 00:00:06]} e3 {[%clk
00:11:47]} {[%emt 00:00:29]} 70. Rb2 {[%clk 00:00:34]} {[%emt 00:01:06]} Kd3
{[%clk 00:10:08]} {[%emt 00:02:09]} 71. h5 {[%clk 00:00:32]} {[%emt 00:00:31]}
e2 {[%clk 00:10:32]} {[%emt 00:00:06]} 72. Rxe2 {[%clk 00:01:00]} {[%emt
00:00:03]} Kxe2 {[%clk 00:10:59]} {[%emt 00:00:03]} 73. h6 {[%clk 00:00:36]}
{[%emt 00:00:53]} Kf3 {[%clk 00:10:19]} {[%emt 00:01:09]} 74. g5 {[%clk
00:00:48]} {[%emt 00:00:20]} Kg4 {[%clk 00:10:02]} {[%emt 00:00:46]} 75. h7
{[%clk 00:00:56]} {[%emt 00:00:22]} Rc6+ {[%clk 00:10:04]} {[%emt 00:00:25]} 76.
Kg7 {[%clk 00:01:11]} {[%emt 00:00:19]} Kxg5 {[%clk 00:09:29]} {[%emt
00:01:04]} 77. h8=Q {[%clk 00:01:36]} {[%emt 00:00:05]} Rc7+ {[%clk 00:09:54]}
{[%emt 00:00:05]} 78. Kg8 {[%clk 00:02:03]} {[%emt 00:00:03]} Rc8+ {[%clk
00:10:19]} {[%emt 00:00:06]} 79. Kh7 {[%clk 00:02:28]} {[%emt 00:00:05]} Rxh8+
{[%clk 00:10:44]} {[%emt 00:00:04]} 80. Kxh8 {[%clk 00:02:55]} {[%emt
00:00:02]} 1/2-1/2